| 000 | 02236cam a22006014i 4500 | ||
|---|---|---|---|
| 003 | PE-LiUPU | ||
| 005 | 20250731180059.0 | ||
| 008 | 091113s2009 mx a gr 001 0 spa d | ||
| 020 | _a6071703239 | ||
| 020 | _a9786071703231 | ||
| 035 | _a(Sirsi) i9786071703231 | ||
| 040 |
_aBNMEX _bspa _cBNMEX _dPE-LiUPU _erda |
||
| 082 | 0 | 4 |
_a551.525 _bL86 _220 |
| 100 | 1 | _aLópez López, Victor Manuel. | |
| 245 | 1 | 0 |
_aCambio climático y calentamiento global : _bciencia, evidencias, consecuencias y propuestas para enfrentarlos / _cVíctor Manuel López López. |
| 250 | _a2a ed. | ||
| 264 |
_aMéxico : _bTrillas, _c2009. |
||
| 264 | _cReimpresión 2013. | ||
| 300 |
_a239 páginas : _bilustraciones ; _c23 centímetros. |
||
| 336 |
_atext _2rdacontent |
||
| 337 |
_aunmediated _2rdamedia |
||
| 338 |
_avolume _2rdacarrier |
||
| 504 | _aBibliografía: páginas 227-229. | ||
| 504 | _aÍndice: páginas 231-239. | ||
| 505 | 0 | _aEl aspecto científico del calentamiento global -- Evidencias e impactos del cambio climático -- Propuestas globales y medidas específicas para afrontar el cambio climático. | |
| 526 | _aSEG44 | ||
| 526 | _aSEG26 | ||
| 526 | _aP159 | ||
| 526 | _aP155 | ||
| 526 | _aP154 | ||
| 526 | _aP153 | ||
| 526 | _aP150 | ||
| 526 | _aP100 | ||
| 526 | _aP31 | ||
| 526 | _aP30 | ||
| 526 | _aP26 | ||
| 526 | _aP25 | ||
| 526 | _aP24 | ||
| 526 | _aP22 | ||
| 526 | _aP15 | ||
| 526 | _aP10 | ||
| 541 | _g001-0000891; | ||
| 650 | 1 | 8 |
_aCambios climáticos _xAspectos ambientales. |
| 650 | 2 | 8 |
_aCalentamiento global _xAspectos ambientales. |
| 650 | 2 | 8 | _aEfecto invernadero atmosférico. |
| 650 | 2 | 8 | _aGases efecto invernadero. |
| 910 |
_ajck _bebj _cebj _d20160727 |
||
| 942 |
_2ddc _cBOOK |
||
| 949 |
_a551.525 L86 _wDEWEY _c1 _i74231 _d2016-11-25 _e2016-11-23 _lCCODEBUL1 _mBUL _n3 _p18.49 _r0 _sY _tBOOK _u2016-7-27 _xINGENIERIA _PP24 _0COMPRA _o.STAFF. Colección General |
||
| 994 |
_aC0 _bPEPRU |
||
| 596 | _a1 | ||
| 999 |
_a551.525 L86 _wDEWEY _c11571 _i74231 _d11571 _e2018-3-20 _f2021-11-9 _g8 _lCCODEBUL1 _mBUL _n5 _p18.49 _q2 _r0 _sY _tBOOK _u2016-7-27 _xINGENIERIA _PP24 _0COMPRA _o.STAFF. Colección General |
||
| 980 |
_81 _gALBERTO SANCHEZ Responsable de Automatización |
||